01004nam a22002055i 4500001000700000003000900007005001700016008004100033080001300074080001200087245012400099260021300223300002100436490006700457546002400524650004600548710009800594830006700692852003900759176729ES-MaACL20230906220153.0110204s1959 fr |||| | fre d a637.1/.3 a339.18800aCommerce de détail du lait et des produits laitiers b: méthodes de distribution améliorées : projet nº 285/3. a[Paris] : bAgence Européenne de Productivité, Division de l'action technique et de la productivité dans l'agriculture et l'alimentation, Organisation Européenne de Coopération Économique, c1959. a20 p. ; c27 cm.1 aAlimentation et agriculture documentation. Série 1959 ; v13 aTexto en francés.04aProductos lácteos-xComercialización.0 aOrganización de Cooperación y Desarrollo Económico. bAgencia Europea de Productividad.0 aAlimentation et agriculture documentation. Série 1959 ; v13 aES-MaACLjE-14189 xOlim P-969-bis